header

The Frog Prince (Record no. 262853)

MARC details
000 -LEADER
fixed length control field 00215nam a22000977a 4500
020 ## - INTERNATIONAL STANDARD BOOK NUMBER
ISBN 0590370715
100 ## - MAIN ENTRY--AUTHOR NAME
Personal name Stephanie Calmenson
245 ## - TITLE STATEMENT
Title The Frog Prince
260 ## - PUBLICATION, DISTRIBUTION, ETC. (IMPRINT)
Place of publication New York
Name of publisher Scholastic
Year of publication 2001
942 ## - ADDED ENTRY ELEMENTS (KOHA)
Koha item type Long Loan Books
Holdings
Withdrawn status Lost status Collection code Home library Current library Shelving location Date acquired Accession Number Koha item type
    Fiction Rongo University Library Rongo University Library Children's Area 16/02/2024 CL2021269 Long Loan Books

© 2026 Rongo University
Contact us: librarian | system librarian | Rongo university